000 00192nam a2200109Ia 4500
100 _a#N/A
942 _cBK
654 _awindows
245 _aRun Windows
260 _b#N/A
546 _aENGLISH
999 _c20816
_d20816